LEADER 01344nam a2200301 i 4500 001 000000042182 003 CaOOAMICUS 005 20080624000000.0 008 080624s1981 it u000 u ita u 013 $a13352 040 $aSeMil$bita 100 1 $aMaritain, Jacques,$d<1882-1973>.$0(OLS)http://semarc/name/1393 245 13$aLa conquista della libertà :$bantologia del pensiero etico-politico /$cJacques Maritain ; a cura di Piero Viotto. 250 $a2. ed. 260 $aBrescia :$bLa Scuola,$c1981. 300 $aXXXIX, 179 p., [1] ritr. ;$c21 cm. 490 0 $aIl pensiero : classici della filosofia commentati 500 $aFondo Ciprandi. 650 4$aLibertà.$0(OLS)http://semarc/subject/2732 650 4$aMaritain, Jacques <1882-1973> - Pensiero politico.$0(OLS)http://semarc/subject/8974 700 1 $aViotto, Piero,$d<1924-2017>.$0(OLS)http://semarc/name/90481 830 3$aIl pensiero : classici della filosofia commentati.$0(OLS)http://semarc/title/6768 850 $aSeMil 852 $aSeMil$W1$xVenegono$y1$m2P I 558$j8337$B8337$CSeMilBibl$Z2$F8337 $81 941 1 $a1 961 $aOmaggio: Ciprandi dott. Paolo 996 $6245$aLa conquista della libertà :$bantologia del pensiero etico-politico$9(OLS)http://semarc/title/61421 996 $6260$aBrescia :$bLa Scuola$9(OLS)http://semarc/publisher/29831 LEADER 01866nam a2200289 i 4500 001 000000058710 003 CaOOAMICUS 005 20190813161604.0 008 130306n1782 it u000 u ita u 013 $a29882 026 $ae.a- e-he e-ed l'da (3) 1782 (Q) 040 $aSeMil$bita 100 1 $aEybel, Joseph Valentin,$d<1741-1805>.$0(OLS)http://semarc/name/29941 245 10$aCosa devesi tenere intorno le dispense matrimoniali? Niente più di quello esigono la religione, il diritto, l'utile, la prudenza, ed il dovere. L'Eibel. ... Tradotto dal tedesco. 264 1$aIn Pavia :$bPer Giuseppe Bolzani impressore della R. città, e R. imp. università,$c[dopo il 1782] 300 $a140 p. ;$c8°. 500 $aLa data presunta si ricava dal front. che riporta : Vienna : presso Giuseppe nobile de Kurbeck, 1782. - Per il nome dell'autore, Eybel, e del traduttore, Inama, cfr. Melzi, G., Anonime e pseudonime, v. 1, p. 259. - Segn. : A-H8 I6. 650 4$aMatrimonio canonico - Dispense.$0(OLS)http://semarc/subject/11009 650 4$aMatrimonio - Studi.$0(OLS)http://semarc/subject/5973 700 1 $aInama, Antonio,$d<1718-1793>.$0(OLS)http://semarc/name/29940 700 1 $aBolzani, Giuseppe,$c.$0(OLS)http://semarc/name/12088 710 0 $aKurzböck, Joseph Lorenz .$0(OLS)http://semarc/name/29942 850 $aSeMil 852 $aSeMil$W1$xVenegono$y1$m2J II 73 FA$j24863$B24863$CSeMilBibl$Z2$F24866 $8I 996 $6245$aCosa devesi tenere intorno le dispense matrimoniali? Niente più di quello esigono la religione, il diritto, l'utile, la prudenza, ed il dovere. L'Eibel. ... Tradotto dal tedesco$9(OLS)http://semarc/title/91567 996 $6264$aIn Pavia :$bPer Giuseppe Bolzani impressore della R. città, e R. imp. università$9(OLS)http://semarc/publisher/41971